Cours d'arithmétique /

Guardado en:
Autor Principal: Serre, Jean-Pierre.
Formato: Libro
Idioma:French
Publicado: Paris : Presses universitaires de France, 1970.
Series:SUP. Le Mathématicien ; 2
Etiquetas: Agregar Etiqueta
Sin Etiquetas, Sea el primero en etiquetar este registro!
LEADER 00567nam a22001815a 4500
001 MAT.inmabb002297
008 730302s1970####fr#######b####001#0#fre#d
005 20130304122953.0
245 1 0 |a Cours d'arithmétique /  |c par Jean-Pierre Serre. 
260 |a Paris :  |b Presses universitaires de France,  |c 1970. 
300 |a 188 p. ;  |c 18 cm. 
440 0 |a SUP.  |p Le Mathématicien ;  |v 2 
504 |a Bibliografía: p. [179]-181. 
510 4 |a MR,  |c 41 #138 
100 1 |a Serre, Jean-Pierre. 
084 |a 11-01  |2 msc2000 
010 |a  76523352  
859 |h 11  |i Se488c  |p A-3962  |b BIB. MATEMATICA